House price rise predicted (Record no. 69207)
[ view plain ]
| 000 -LEADER | |
|---|---|
| fixed length control field | 00897cam a2200193 4500 |
| 001 - CONTROL NUMBER | |
| control field | WB3801-30 |
| 008 - FIXED-LENGTH DATA ELEMENTS--GENERAL INFORMATION | |
| fixed length control field | 020108n2002 000 0 eng u |
| 035 ## - SYSTEM CONTROL NUMBER | |
| System control number | (Sirsi) u116180 |
| 245 ## - TITLE STATEMENT | |
| Title | House price rise predicted |
| 260 ## - PUBLICATION, DISTRIBUTION, ETC. | |
| Date of publication, distribution, etc. | 2002 |
| 490 ## - SERIES STATEMENT | |
| Series statement | RICS Press Release |
| Volume/sequential designation | (pr166) 21 December 2001, (2) |
| 520 ## - SUMMARY, ETC. | |
| Summary, etc. | RICS economists forecast a 6% rise in house prices in 2002, compared with 10% in 2001. Economic growth in the UK is expected to slow to 1.8% in 2002, from 2.3% in 2001, but it is anticipated that low interest rates will protect home-owners from the difficult economic climate. The current slowdown will continue in the early part of the year but the market is expected to pick up in the early summer. |
| 590 ## - LOCAL NOTE (RLIN) | |
| Local note | WB |
| 650 ## - SUBJECT ADDED ENTRY--TOPICAL TERM | |
| Topical term or geographic name entry element | HOUSE PRICES |
| 650 ## - SUBJECT ADDED ENTRY--TOPICAL TERM | |
| Topical term or geographic name entry element | FORECAST |
| 650 ## - SUBJECT ADDED ENTRY--TOPICAL TERM | |
| Topical term or geographic name entry element | RICS |
| 690 ## - LOCAL SUBJECT ADDED ENTRY--TOPICAL TERM (OCLC, RLIN) | |
| Topical term or geographic name as entry element | PROPERTY-RESIDENTIAL PROPERTY-RESIDENTIAL PROPERTY MARKET |
| 942 ## - ADDED ENTRY ELEMENTS (KOHA) | |
| Suppress in OPAC | 0 |
| Withdrawn status | Lost status | Source of classification or shelving scheme | Damaged status | Not for loan | Home library | Current library | Shelving location | Date acquired | Total Checkouts | Full call number | Barcode | Date last seen | Copy number | Price effective from | Koha item type |
|---|---|---|---|---|---|---|---|---|---|---|---|---|---|---|---|
| Dewey Decimal Classification | London | London | News article | 08/01/2002 | WB3801-30 | 116180-1001 | 06/08/2019 | 1 | 06/08/2019 | News article |